| 000 | 00848nam a2200277 a 4500 | ||
|---|---|---|---|
| 001 | 37733 | ||
| 003 | BD-RjUL | ||
| 005 | 20211209052637.0 | ||
| 008 | 150409s1982 nyu 001 0 eng | ||
| 020 | _a0070488452 | ||
| 035 | _a(BD-RjUL)37837 | ||
| 040 |
_aDLC _cDLC _dDLC _dBD-RjUL _beng |
||
| 041 | _aeng | ||
| 082 | 0 | 0 |
_a515 _219 _bPAI 1982 |
| 100 | 1 |
_aParzynski, William R. _9116518 |
|
| 245 | 1 | 0 |
_aIntroduction to mathematical analysis / _cWilliam R. Parzynski, Philip W. Zipse. |
| 260 |
_aNew York : _bMcGraw-Hill, _cc1982. |
||
| 300 |
_aviii, 359 p. ; _c24 cm. |
||
| 500 | _aIncludes index. | ||
| 650 | 0 |
_aMathematical analysis. _9116520 |
|
| 700 | 1 |
_aZipse, Philip W. _9116521 |
|
| 942 |
_2ddc _cBK _04 |
||
| 999 |
_c37733 _d37733 |
||